000 00619nam a2200241Ia 4500
003 OSt
005 20220930185858.0
006 a|||||r|||| 00| 0
007 ta
008 220926b |||||||| |||| 00| 0 eng d
024 _a90941
037 _cTextbook
040 _aCRL
_cCRL
_beng
041 _2eng
_aeng
082 _aV2y7M69, K9
100 _aDatta Kali Kinar
_9558356
245 0 _aGandhiji in bihar
260 _aPatna
_bGovternment of Bihar India
_c1969
300 _a181p
_ccm.
650 _aHISTORY
942 _hV2y7M69, K9
_cTB
_2CC
999 _c891122
_d891122